Dạy văn cho học sinh tiểu học

שמור ב:
מידע ביבליוגרפי
מחבר ראשי: Hoàng, Hòa Bình
פורמט: ספר
שפה:Undetermined
יצא לאור: H. Giáo dục 1999
נושאים:
גישה מקוונת:http://lrc.tdmu.edu.vn/opac/search/detail.asp?aID=2&ID=6429
תגים: הוספת תג
אין תגיות, היה/י הראשונ/ה לתייג את הרשומה!
Thư viện lưu trữ: Trung tâm Học liệu Trường Đại học Thủ Dầu Một
LEADER 00597nam a2200193Ia 4500
001 TDMU_6429
008 210410s9999 xx 000 0 und d
082 |a 372.64 
090 |b H407 
100 |a Hoàng, Hòa Bình 
245 0 |a Dạy văn cho học sinh tiểu học 
245 0 |c Hoàng Hòa Bình 
260 |a H. 
260 |b Giáo dục 
260 |c 1999 
300 |a 179tr 
650 |a Văn học; Phương pháp giảng dạy 
856 |u http://lrc.tdmu.edu.vn/opac/search/detail.asp?aID=2&ID=6429 
980 |a Trung tâm Học liệu Trường Đại học Thủ Dầu Một